00261nam a22001097a 4500008004100000020001800041041000800059080000700067100000700074101000800081245006200089180220b xxu||||| |||| 00| 0 eng d a9781429251525 aeng a54 a12 akim aessentials of general organic biochemistrycdenise.g